00540 2200205 4500245007200000020001300072250001000085100001000095700001200105700001400117650002100131650002600152005001900178260001800197041001400215084001000229300001800239500006800257336000900325 aAcculeng Massengereng b : Permainan yang MengesankancArlinhText a978-602- aCet.1 aArlin aEffendi aAmriana H aCerita Bergambar aCerita Anak Dwibahasa a20241002125602 aJakartac2022 aIndonesia a741.5 a37 hlm :cpdf aCerita Anak Dwibahasa : Dalam Bahasa Bugis dan Bahasa Indonesia atext